000 00724nam a2200241Ia 4500
999 _c93063
_d93063
003 0100
005 20170608141853.0
008 130307s9999 xx 000 0 und d
020 _a1592210112 (pbk.)
040 _cARRUPELIB
050 _aDT14.M386 2002
100 _aMazrui, Ali Al'Amin
_932361
245 _aAfrica and other civilizations:
_bconquest and counter-conquest
260 _bAfrica World Press
_aNew Jersey
_c2002.
300 _ax
300 _b485p. 24 cm.
440 _aClassic authors and texts on Africa ;Collected essays of Ali A. Mazrui ;v. 2 Mazrui, Ali Al'Amin. Essays. v. 2.
_932362
650 _aAfrica
_xCivilization
_922754
650 _aAfrica
_xForeign relations
_932363
650 _aAfrica
_xCivilization
_xWestern influences
_932364
700 _aLaremont, Ricardo RenÚ ; Kalouche, Fouad (ed)
_932365
942 0 0 _03
_2lcc
_cMONOGRAPH